Normal view
MARC view
Entry Personal Name
001 - CONTROL NUMBER
- control field: 1237991
003 - CONTROL NUMBER IDENTIFIER
- control field: OSt
005 - DATE AND TIME OF LATEST TRANSACTION
- control field: 20260430150616.0
008 - FIXED-LENGTH DATA ELEMENTS
- fixed length control field: 260430|| aca||aabn | a|a d
040 ## - CATALOGING SOURCE
- Original cataloging agency: OSt
- Transcribing agency: OSt
100 ## - HEADING--PERSONAL NAME
- Personal name: Manjusha Au.; Mahlawat Shabnam Gu
670 ## - SOURCE DATA FOUND
- Source citation: Work cat.: (OSt)1850198: Manjusha Au.; Mahlawat Shabnam Gu., Regulation of Hazardous Waste in the National Capital Territory of Delhi: A Legal Analysis of The Existing Legislations and Its Application, 2023
